| 000 | 00550nam a2200181Ia 4500 | ||
|---|---|---|---|
| 008 | 090123s9999 xx 000 0 und d | ||
| 082 |
_b14608 _a891.463/घड्याळे |
||
| 100 | _aघड्याळे जयश्री | ||
| 245 | _aखानदान | ||
| 250 | _a1 | ||
| 260 | _bसुर्य प्रकाशन | ||
| 300 | _a245 | ||
| 600 | _aघड्याळे जयश्री | ||
| 630 | _aखानदान | ||
| 700 | _aघड्याळे जयश्री | ||
| 730 | _aखानदान | ||
| 942 | _cBOOK | ||
| 999 |
_c52669 _d52669 |
||